| 000 | 00719cam a2200181 4500 | ||
|---|---|---|---|
| 001 | WS108074 | ||
| 008 | 000000n 000 0 eng u | ||
| 035 | _a(Sirsi) u108074 | ||
| 110 |
_aInstitution of Structural Engineers _9441 |
||
| 245 | _aInstitution of Structural Engineers | ||
| 520 | _aWeb site for this professional institution including details of membership, meetings and conferences, publications and news. | ||
| 650 | _aSTRUCTURAL ENGINEERS | ||
| 650 | _aORGANISATION | ||
| 650 | _aBUILT ENVIRONMENT-BUILDING INSPECTION | ||
| 690 | _aMANAGEMENT-BUSINESS MANAGEMENT-PROFESSIONAL PRACTICE | ||
| 856 | 4 | 0 |
_uhttps://www.istructe.org.uk _zView the website free of charge at www.istructe.org.uk... |
| 942 | _n0 | ||
| 999 |
_c119610 _d119610 |
||